000 01073nam0a22002771 4500
001 rc\1145943
005 20041129084448.0
035 _a(NLR Aleph) 006391995
090 _a5156935
_c5156935
100 _a20041129d1980 u |0rusy50 ca
101 0 _arus
102 _aRU
105 _ay |||||||||
200 1 _aЭкономическая эффективность и совершенствование систем управления научно-техническим развитием в строительстве
210 _aКиев
_cО-во "Знание" УССР
_d1980
215 _a23 с.
_d20
225 1 _aСтроительство и архитектура
300 _aВ надзаг.: О-во "Знание" УССР
320 _aБиблиогр.: с. 22-23
700 1 _aМарущак
_bВ. Т.
_gВладимир Тимофеевич
701 1 _aСеменьков
_bА. Г.
_gАлександр Григорьевич
801 0 _aRU
_bNLR
_gpsbo
801 1 _aRU
_bELAR
_2rusmarc
852 _aNLR
_j81-4/8239
942 _cBOOK
980 _aNB